00871nam a2200253 u 450000100070000000500170000700800410002403500110006504000130007604100080008908200080009710000450010524500740015026000430022430000140026765000360028165000410031765000480035894200100040699900190041650200120043552600080044795201620045587238920260506152403.0040430e20031023 ||||||m| spa  a872389 ccomduadb aspa 4a34710aVasquez Osorio, Alvaro4auteaut938619810aPotenciales efectos del caso Microsoft sobre la legislacion comercial aMedellín :b[sin publicador],c2003. a186 hojas 7aLey antimonopolio2lemb9136744 aMicrosoft (Empresa comercial)926099 aLegislacion comercial internacional9125634 cTESIS c311536d311536 b133c14 a135 001040708TESISBCaBCbBCd2004-04-30eMaterial adquirido por donacióniC825568l0o347.3 V335p61000004875391r2023-04-25 00:00:00t1w2023-04-25yTESIS